000 00591nam a22001817a 4500
003 UA-OsUOA
001 7768
007 ta
008 20040624b un ||||| |||| 00| 0 ukr d
100 _aКравчук В . В .
942 _cSA
040 _aUA-OsUOA
_cUA-OsUOA
_dUA-OsUOA
245 _aБазельські угоди : новий етап розвитку міжнародної системи оцінки ризиків
300 _aС.121 - 128
955 _a0
773 0 _w0
_tФінанси України
_dКиїв
_d2004
_g№6
650 7 _aБанківська справа
_2UDC
999 _c293929
_d293929